000 01958nam a2200421 c 4500
001 5052
003 ES-MaCES
005 20170213134049.0
008 970422s1991 sp ||| | spa d
035 _aCES19980050915m
040 _aES-MaCES
_bspa
_cES-MaCES
100 1 _923391
_aSanguineti Raymond, Wilfredo
245 1 0 _aLesión de la libertad sindical y comportamientos antisindicales
_b: estudio de la estructura y el contenido del juicio de antisindicalidad
_cWilfredo Sanguineti Raymond
260 _aSalamanca
_bW. Sanguineti
_c1991
300 _a666 p.
_c27 cm
490 1 _aTesis doctorales. Presentadas
_v9-97
490 1 _aTesis doctorales
490 1 _aColección Informes y estudios. Serie Relaciones laborales
_v2
500 _aPrecede al tít.: Universidad de Salamanca, Dpto. de Economía y Derecho del Trabajo, Area de Derecho del Trabajo y la Seguridad Social
500 _aTesis-Presenta da en la convocatoria 1997 de premios del Consejo Económico y Social
500 _aTesis-Universidad de Salamanca
500 _aPosteriormente, publicada por el Ministerio de Trabajo y Seguridad Social
541 _cGratuito
610 1 4 _aEspaña
_tLey de libertad sindical
_d1985
_92957
650 4 _alibertad sindical
_927177
650 4 _aactitud sindical
_929839
650 4 _aderechos sindicales
_929470
650 4 _aderechos de los trabajadores
_929924
650 4 _aEspaña
_926964
653 1 0 _aRelaciones laborales-Empleo
710 2 _aUniversidad de Salamanca
_bDepartamento de Economía y Derecho del Trabajo
_95324
830 0 _aTesis doctorales (Consejo Económico y Social (España))
_pPresentadas
_v9-97
_932154
830 0 _aTesis doctorales (Universidad de Salamanca)
_932730
830 0 _aColección Informes y estudios (España. Ministerio de Trabajo y Seguridad Social)
_pSerie Relaciones laborales
_v2
_932474
902 _aLIB Libro
942 _2CES
_cBK
_h2.0.
999 _c5052
_d5052